[Event "POL-ch U16"]
[Site "Karpacz"]
[Date "2010.03.13"]
[Round "10"]
[White "Adamek, Przemyslaw"]
[Black "Lewtak, Damian"]
[Result "0-1"]
[WhiteElo "2123"]
[BlackElo "1942"]
[PlyCount "110"]
[EventDate "2010.03.06"]
[EventType "swiss"]
[EventRounds "11"]
[EventCountry "POL"]
[SourceTitle "CBM 135 Extra"]
[Source "ChessBase"]
[SourceDate "2010.05.04"]
[SourceVersion "1"]
[SourceVersionDate "2010.05.04"]
[SourceQuality "1"]

1. e4 e6 2. d4 d5 3. Nd2 dxe4 4. Nxe4 Nd7 5. Nf3 Ngf6 6. Nxf6+ Nxf6 7. Bd3 c5 8. dxc5 Bxc5 9. 0-0 h6 10. b3 0-0 11. Bb2 b6 12. Qe2 Bb7 13. Rad1 Qe7 14. c4 Rad8 15. Bb1 Rxd1 16. Rxd1 Rd8 17. h3 Rxd1+ 18. Qxd1 Ne4 19. Bd4 Qd6 20. Bc2 Ng5 21. Bxc5 Qxd1+ 22. Bxd1 Bxf3 23. gxf3 bxc5 24. Kg2 e5 25. Bc2 g6 26. Kg3 Ne6 27. Be4 Kf8 28. h4 Nf4 29. Kh2 Ke7 30. Kg3 f5 31. Bc2 Kf6 32. Bd1 Ne6 33. Be2 Nd4 34. Bd3 g5 35. hxg5+ Kxg5 36. Bf1 h5 37. f4+ exf4+ 38. Kg2 f3+ 39. Kg3 h4+ 40. Kh3 Ne6 41. Kh2 Nf4 42. Bh3 a5 43. Bf1 Ne2 44. Kh1 Nc1 45. Kh2 Nxa2 46. Bd3 Nc1 47. Bc2 Ne2 48. Kh3 Nd4 49. Bd1 Kh5 50. Kh2 Kg4 51. Kg1 Kf4 52. Kh2 Ke4 53. Kh3 Kd3 54. Kxh4 Kd2 55. b4 axb4 0-1

[Event "POL-ch U16"]
[Site "Karpacz"]
[Date "2010.03.10"]
[Round "7"]
[White "Adamek, Przemyslaw"]
[Black "Zareba, Grzegorz"]
[Result "1-0"]
[WhiteElo "2123"]
[BlackElo "1772"]
[PlyCount "79"]
[EventDate "2010.03.06"]
[EventType "swiss"]
[EventRounds "11"]
[EventCountry "POL"]
[SourceTitle "CBM 135 Extra"]
[Source "ChessBase"]
[SourceDate "2010.05.04"]
[SourceVersion "1"]
[SourceVersionDate "2010.05.04"]
[SourceQuality "1"]

1. e4 d6 2. d4 Nf6 3. Nc3 g6 4. f3 a6 5. Be3 b5 6. Qd2 Nbd7 7. 0-0-0 Bb7 8. d5 c5 9. dxc6 Bxc6 10. g4 Nc5 11. Bd4 e5 12. Be3 Qa5 13. g5 b4 14. Nb1 Nfxe4 15. fxe4 Bxe4 16. Bxc5 Bxh1 17. Bxb4 Qb6 18. Bc3 Be7 19. Ne2 0-0 20. Ng3 Bc6 21. h4 Rfc8 22. Bd3 Rab8 23. Ne4 Kg7 24. Rf1 Bxe4 25. Bxe4 f5 26. gxf6+ Bxf6 27. b3 Rf8 28. Rh1 Be7 29. h5 h6 30. Kb2 g5 31. Qd5 Rf6 32. Nd2 Qd8 33. Nc4 Rc8 34. Qd3 Rf4 35. Ne3 Bf8 36. Nd5 Rf2 37. Rf1 Rxf1 38. Qxf1 Qd7 39. Qf6+ Kg8 40. Bf5 1-0

[Event "POL-ch U16"]
[Site "Karpacz"]
[Date "2010.03.08"]
[Round "4"]
[White "Adamek, Przemyslaw"]
[Black "Reza, Wojciech"]
[Result "1-0"]
[WhiteElo "2123"]
[BlackElo "1940"]
[PlyCount "95"]
[EventDate "2010.03.06"]
[EventType "swiss"]
[EventRounds "11"]
[EventCountry "POL"]
[SourceTitle "CBM 135 Extra"]
[Source "ChessBase"]
[SourceDate "2010.05.04"]
[SourceVersion "1"]
[SourceVersionDate "2010.05.04"]
[SourceQuality "1"]

1. e4 c5 2. Nf3 e6 3. d4 cxd4 4. Nxd4 Nf6 5. Bd3 Qb6 6. Nb3 Nc6 7. 0-0 Be7 8. c4 d6 9. Nc3 a6 10. Be3 Qc7 11. f4 b6 12. Rc1 Bb7 13. Nd5 exd5 14. cxd5 Qd7 15. dxc6 Bxc6 16. Bxb6 Qb7 17. Bd4 Ba4 18. Nc5 dxc5 19. Qxa4+ Kf8 20. Bc3 Nd7 21. e5 Nb6 22. Qe4 Qa7 23. Kh1 Rc8 24. Bc4 h5 25. Ba5 Rb8 26. Bxb6 Qxb6 27. Qf5 Qg6 28. Qxg6 fxg6 29. b3 a5 30. g3 Ke8 31. Rcd1 Rf8 32. h4 Rb6 33. Kg2 Bd8 34. Rd5 Be7 35. Rfd1 Rb7 36. a4 Rc7 37. Kf3 Rb7 38. Ke4 Rc7 39. Bb5+ Kf7 40. Rd7 Rfc8 41. Rxc7 Rxc7 42. Rd7 Rxd7 43. Bxd7 Bf8 44. Kd5 Ke7 45. Bb5 Kd8 46. Kc4 Be7 47. Bc6 Bf8 48. Be4 1-0

[Event "POL-ch U16"]
[Site "Karpacz"]
[Date "2010.03.08"]
[Round "3"]
[White "Jacek, Krystian"]
[Black "Adamek, Przemyslaw"]
[Result "1/2-1/2"]
[WhiteElo "2052"]
[BlackElo "2123"]
[PlyCount "64"]
[EventDate "2010.03.06"]
[EventType "swiss"]
[EventRounds "11"]
[EventCountry "POL"]
[SourceTitle "CBM 135 Extra"]
[Source "ChessBase"]
[SourceDate "2010.05.04"]
[SourceVersion "1"]
[SourceVersionDate "2010.05.04"]
[SourceQuality "1"]

1. e4 c5 2. Nf3 Nc6 3. d4 cxd4 4. Nxd4 Nf6 5. Nc3 e5 6. Ndb5 d6 7. a4 a6 8. Na3 Bg4 9. f3 Be6 10. Bc4 Rc8 11. Be3 Nb4 12. Bxe6 fxe6 13. Qe2 Be7 14. Rd1 0-0 15. f4 Nd7 16. 0-0 exf4 17. Bxf4 Qc7 18. Kh1 Ne5 19. Qe1 Nbc6 20. Qg3 Rf6 21. Be3 Rg6 22. Qe1 Ng4 23. Bf4 Rf8 24. Qe2 Nge5 25. Nc4 Rgf6 26. g3 Ng6 27. Be3 Rxf1+ 28. Rxf1 Rxf1+ 29. Qxf1 Nce5 30. Nxe5 Nxe5 31. Qd1 Bf6 32. Bd4 Qc6 1/2-1/2

[Event "Poznan op-A 18th"]
[Site "Poznan"]
[Date "2009.07.25"]
[Round "8"]
[White "Schmidt, Wlodzimierz"]
[Black "Adamek, Przemyslaw"]
[Result "1-0"]
[WhiteElo "2399"]
[BlackElo "2062"]
[PlyCount "51"]
[EventDate "2009.07.19"]
[EventType "swiss"]
[EventRounds "9"]
[EventCountry "POL"]
[SourceTitle "CBM 131 Extra"]
[Source "ChessBase"]
[SourceDate "2009.09.03"]
[SourceVersion "2"]
[SourceVersionDate "2009.09.16"]
[SourceQuality "1"]

1. d4 d5 2. c4 c6 3. Nc3 Nf6 4. Nf3 dxc4 5. a4 Bf5 6. Ne5 Nbd7 7. Nxc4 Qc7 8. g3 e5 9. dxe5 Nxe5 10. Bf4 Nfd7 11. Bg2 g5 12. Ne3 gxf4 13. Nxf5 0-0-0 14. Qc2 Nc5 15. 0-0 Ne6 16. Rfc1 a5 17. Qe4 Ng6 18. e3 fxg3 19. hxg3 Bb4 20. Na2 Qb6 21. Nxb4 axb4 22. a5 Qb5 23. a6 Nc5 24. axb7+ Kxb7 25. Qc2 Kb6 26. Nd4 1-0

[Event "Poznan op-A 18th"]
[Site "Poznan"]
[Date "2009.07.22"]
[Round "4"]
[White "Kozlowski, Tomasz"]
[Black "Adamek, Przemyslaw"]
[Result "0-1"]
[WhiteElo "2007"]
[BlackElo "2062"]
[PlyCount "104"]
[EventDate "2009.07.19"]
[EventType "swiss"]
[EventRounds "9"]
[EventCountry "POL"]
[SourceTitle "CBM 131 Extra"]
[Source "ChessBase"]
[SourceDate "2009.09.03"]
[SourceVersion "2"]
[SourceVersionDate "2009.09.16"]
[SourceQuality "1"]

1. e4 c5 2. Nc3 Nc6 3. f4 g6 4. Nf3 Bg7 5. Bc4 e6 6. f5 Nge7 7. fxe6 fxe6 8. d3 d5 9. Bb5 0-0 10. Bxc6 Nxc6 11. 0-0 Nd4 12. Kh1 b6 13. Bg5 Qd7 14. Qd2 Bb7 15. Rae1 Rf7 16. Nxd4 Rxf1+ 17. Rxf1 cxd4 18. Ne2 dxe4 19. dxe4 Bxe4 20. c3 e5 21. cxd4 exd4 22. Ng3 Bb7 23. Bf6 Rf8 24. Bxg7 Rxf1+ 25. Nxf1 Kxg7 26. Ne3 Bc6 27. Nc2 d3 28. Qc3+ Kg8 29. Nd4 Be4 30. Qc4+ Qf7 31. Qc8+ Qf8 32. Qe6+ Qf7 33. Qc8+ Kg7 34. Ne6+ Kf6 35. Nf4 Ke5 36. Qb8+ Kd4 37. Kg1 Ke3 38. Nh3 d2 39. Qg3+ Ke2 40. Qg4+ Bf3 41. gxf3 d1Q+ 42. Kg2 Qf1+ 43. Kg3 Q1xf3+ 44. Qxf3+ Qxf3+ 45. Kh4 Qh5+ 46. Kg3 Kd2 47. Nf4 Qa5 48. a3 Kc2 49. b4 Qxa3+ 50. Kg4 Qxb4 51. h4 Qe4 52. h5 gxh5+ 0-1

[Event "Poznan op-A 18th"]
[Site "Poznan"]
[Date "2009.07.19"]
[Round "1"]
[White "Adamek, Przemyslaw"]
[Black "Sieciechowicz, Marcin"]
[Result "0-1"]
[WhiteElo "2062"]
[BlackElo "2390"]
[PlyCount "80"]
[EventDate "2009.07.19"]
[EventType "swiss"]
[EventRounds "9"]
[EventCountry "POL"]
[SourceTitle "CBM 131 Extra"]
[Source "ChessBase"]
[SourceDate "2009.09.03"]
[SourceVersion "2"]
[SourceVersionDate "2009.09.16"]
[SourceQuality "1"]

1. e4 c5 2. Nf3 d6 3. d4 cxd4 4. Nxd4 Nf6 5. Nc3 a6 6. f3 e5 7. Nb3 Be6 8. Be3 Nbd7 9. Qd2 Be7 10. 0-0-0 0-0 11. g4 b5 12. g5 b4 13. Ne2 Ne8 14. f4 a5 15. f5 a4 16. Nbd4 exd4 17. Nxd4 b3 18. cxb3 axb3 19. axb3 Nc5 20. fxe6 fxe6 21. Bc4 d5 22. Nxe6 dxc4 23. Bxc5 Ra1+ 24. Kc2 cxb3+ 25. Kxb3 Qxd2 26. Rxd2 Rxh1 27. Bxe7 Rf3+ 28. Kb4 Kf7 29. Nd4 Rh3 30. Bd8 R1xh2 31. Rxh2 Rxh2 32. Kc3 Nd6 33. e5 Ne4+ 34. Kc4 Rxb2 35. Kd5 Nc3+ 36. Kc6 Ne2 37. Nf5 Nf4 38. Kd7 Re2 39. Bc7 Kg6 40. Ne7+ Kxg5 0-1

[Event "Orlova op 6th"]
[Site "Orlova"]
[Date "2009.05.30"]
[Round "9"]
[White "Adamek, Przemyslaw"]
[Black "Kubos, Rostislav"]
[Result "1/2-1/2"]
[WhiteElo "2017"]
[BlackElo "2194"]
[PlyCount "69"]
[EventDate "2009.05.23"]
[EventType "swiss"]
[EventRounds "9"]
[EventCountry "CZE"]
[SourceTitle "EXT 2012"]
[Source "ChessBase"]
[SourceDate "2011.11.24"]
[SourceVersion "1"]
[SourceVersionDate "2011.11.24"]
[SourceQuality "1"]

1. e4 c5 2. Nf3 g6 3. c3 Bg7 4. d4 cxd4 5. cxd4 d5 6. exd5 Nf6 7. Bb5+ Nbd7 8. d6 exd6 9. Qe2+ Kf8 10. Nc3 h6 11. 0-0 Kg8 12. Re1 Kh7 13. Bf4 Re8 14. Qc4 a6 15. Rxe8 Nxe8 16. Bxd7 Qxd7 17. a4 Qf5 18. Bg3 Be6 19. Qb4 Bd5 20. Nd2 Bc6 21. Nf1 d5 22. Ne3 Qd7 23. Qb6 h5 24. b4 Bf6 25. Ne2 h4 26. Be5 Be7 27. h3 Rc8 28. Rc1 Bxa4 29. Rxc8 Qxc8 30. Nxd5 Bd8 31. Qc5 Qxc5 32. dxc5 f6 33. Bb8 Kg7 34. Nd4 f5 35. Nf3 1/2-1/2

[Event "Karlovy Vary op"]
[Site "Karlovy Vary"]
[Date "2009.05.02"]
[Round "5"]
[White "Molnar, Ladislav"]
[Black "Adamek, Przemyslaw"]
[Result "0-1"]
[WhiteElo "1800"]
[BlackElo "2017"]
[PlyCount "94"]
[EventDate "2009.04.29"]
[EventType "swiss"]
[EventRounds "7"]
[EventCountry "CZE"]
[SourceTitle "CBM 130 Extra"]
[Source "ChessBase"]
[SourceDate "2009.07.02"]
[SourceVersion "2"]
[SourceVersionDate "2009.07.15"]
[SourceQuality "1"]

1. e4 c5 2. c3 Nf6 3. e5 Nd5 4. Bc4 Nb6 5. Bb3 Nc6 6. f4 c4 7. Bc2 d6 8. exd6 Qxd6 9. d4 cxd3 10. Qxd3 e5 11. Qe2 Be6 12. fxe5 Qxe5 13. Nd2 Bg4 14. Qxe5+ Nxe5 15. Ne4 0-0-0 16. h3 Be6 17. Ne2 f6 18. Bf4 Ng6 19. Bh2 Nc4 20. Nd4 Bd5 21. Nb5 Ne3 22. Ba4 Ne5 23. Bxe5 fxe5 24. Ng5 a6 25. Na3 Nxg2+ 26. Kf2 Bxa3 27. bxa3 h6 28. Bb3 Bxb3 29. axb3 Rd2+ 30. Kg3 hxg5 31. Rh2 Rd3+ 32. Kxg2 Rxc3 33. b4 g4 34. h4 Rc2+ 35. Kg3 Rxh2 36. Kxh2 Rxh4+ 37. Kg3 g5 38. a4 e4 39. Rd1 e3 40. Rd5 Rh8 41. Re5 Kd7 42. Kxg4 Re8 43. Rd5+ Kc6 44. Rc5+ Kd6 45. Rc1 e2 46. Re1 Kd5 47. b5 Kd4 0-1

[Event "POL-ch U16"]
[Site "Chotowa"]
[Date "2009.04.02"]
[Round "8"]
[White "Adamek, Przemyslaw"]
[Black "Wesolowski, Edgar"]
[Result "1-0"]
[WhiteElo "1956"]
[BlackElo "1866"]
[PlyCount "71"]
[EventDate "2009.03.28"]
[EventType "swiss"]
[EventRounds "11"]
[EventCountry "POL"]
[SourceTitle "EXT 2011"]
[Source "ChessBase"]
[SourceDate "2010.11.26"]
[SourceVersion "1"]
[SourceVersionDate "2010.11.26"]
[SourceQuality "1"]

1. e4 c5 2. Nf3 d6 3. d4 cxd4 4. Nxd4 Nf6 5. Nc3 Nc6 6. Bc4 e6 7. Be3 Be7 8. Qe2 0-0 9. 0-0-0 Bd7 10. Rhg1 Na5 11. Bd3 e5 12. Nb3 Nxb3+ 13. axb3 Qa5 14. Kb1 Rfb8 15. g4 b5 16. g5 Ne8 17. Nd5 Bf8 18. f4 exf4 19. Bxf4 Be6 20. Nf6+ Nxf6 21. gxf6 g6 22. h4 Rb6 23. Bd2 Qa6 24. h5 Qc8 25. e5 Bf5 26. Rdf1 Bxd3 27. Qxd3 dxe5 28. hxg6 fxg6 29. Rxg6+ Kf7 30. Rg5 Re6 31. Qxh7+ Ke8 32. Rg8 Qc6 33. Rxf8+ Kxf8 34. Qh8+ Kf7 35. Qg7+ Ke8 36. f7+ 1-0

[Event "POL-ch U16"]
[Site "Chotowa"]
[Date "2009.04.01"]
[Round "6"]
[White "Adamek, Przemyslaw"]
[Black "Witek, Tomasz"]
[Result "0-1"]
[WhiteElo "1956"]
[BlackElo "2170"]
[PlyCount "80"]
[EventDate "2009.03.28"]
[EventType "swiss"]
[EventRounds "11"]
[EventCountry "POL"]
[SourceTitle "EXT 2011"]
[Source "ChessBase"]
[SourceDate "2010.11.26"]
[SourceVersion "1"]
[SourceVersionDate "2010.11.26"]
[SourceQuality "1"]

1. e4 e6 2. d4 d5 3. Nd2 Nf6 4. e5 Nfd7 5. Bd3 c5 6. c3 Nc6 7. Ne2 cxd4 8. cxd4 f6 9. exf6 Nxf6 10. Nf3 Bd6 11. 0-0 Qc7 12. Nc3 a6 13. Bg5 0-0 14. Bh4 Nh5 15. Bg3 Nxg3 16. hxg3 g6 17. Re1 Qg7 18. Bc2 Bd7 19. Qd2 Rxf3 20. gxf3 Nxd4 21. Kg2 Rf8 22. f4 g5 23. fxg5 Nf3 24. Qd3 Nxg5 25. f4 Bxf4 26. gxf4 Ne4+ 27. Kh2 Rxf4 28. Nxe4 Rh4+ 29. Qh3 Rxh3+ 30. Kxh3 e5+ 31. Kh2 Qh6+ 32. Kg1 Qg6+ 33. Kf2 Qf5+ 34. Kg2 Bc6 35. Bb3 Kg7 36. Ng3 d4+ 37. Kh2 Qf2+ 38. Kh3 Bd7+ 39. Kh4 Qf4+ 40. Kh5 Qg4# 0-1

[Event "POL-ch U16"]
[Site "Chotowa"]
[Date "2009.04.01"]
[Round "7"]
[White "Kadziela, Konrad"]
[Black "Adamek, Przemyslaw"]
[Result "1/2-1/2"]
[WhiteElo "1862"]
[BlackElo "1956"]
[PlyCount "71"]
[EventDate "2009.03.28"]
[EventType "swiss"]
[EventRounds "11"]
[EventCountry "POL"]
[SourceTitle "EXT 2011"]
[Source "ChessBase"]
[SourceDate "2010.11.26"]
[SourceVersion "1"]
[SourceVersionDate "2010.11.26"]
[SourceQuality "1"]

1. d4 d5 2. c4 c6 3. e3 Nf6 4. Nf3 e6 5. Bd3 Nbd7 6. 0-0 Bd6 7. Nbd2 0-0 8. e4 dxe4 9. Nxe4 Nxe4 10. Bxe4 e5 11. dxe5 Nxe5 12. Nxe5 Bxe5 13. Bxh7+ Kxh7 14. Qh5+ Kg8 15. Qxe5 Re8 16. Qc3 c5 17. Bf4 Be6 18. b3 Qe7 19. Rad1 Rad8 20. h3 Rxd1 21. Rxd1 Rd8 22. Re1 Qd7 23. Qg3 Bf5 24. Be5 Bg6 25. Qc3 Re8 26. Re3 f6 27. Bf4 Rxe3 28. Qxe3 b6 29. Kh2 Kf7 30. a3 Qd3 31. Qxd3 Bxd3 32. Bb8 a6 33. Ba7 Bc2 34. Bxb6 Bxb3 35. Bxc5 Bxc4 36. Kg3 1/2-1/2

[Event "POL-ch U16"]
[Site "Chotowa"]
[Date "2009.03.31"]
[Round "5"]
[White "Jacek, Krystian"]
[Black "Adamek, Przemyslaw"]
[Result "1-0"]
[WhiteElo "2027"]
[BlackElo "1956"]
[PlyCount "61"]
[EventDate "2009.03.28"]
[EventType "swiss"]
[EventRounds "11"]
[EventCountry "POL"]
[SourceTitle "EXT 2011"]
[Source "ChessBase"]
[SourceDate "2010.11.26"]
[SourceVersion "1"]
[SourceVersionDate "2010.11.26"]
[SourceQuality "1"]

1. e4 e5 2. Nf3 Nc6 3. Bb5 a6 4. Ba4 Nf6 5. d3 d6 6. c3 g6 7. 0-0 Bg7 8. Re1 b5 9. Bc2 0-0 10. a4 Bg4 11. h3 Bxf3 12. Qxf3 Nd7 13. Nd2 Ne7 14. Nf1 f5 15. Bg5 Bf6 16. Bxf6 Nxf6 17. exf5 gxf5 18. Ng3 Nd7 19. Bb3+ Kh8 20. axb5 axb5 21. Rxa8 Qxa8 22. Qxa8 Rxa8 23. d4 f4 24. Nh5 Ng6 25. Bd5 Ra5 26. Bc6 Nb6 27. dxe5 Nxe5 28. Be8 f3 29. Kh1 Ra2 30. gxf3 Rxb2 31. Kg2 1-0

[Event "POL-chT U19 39th"]
[Site "Gorzow Wielkopolski"]
[Date "2008.07.12"]
[Round "8.9"]
[White "Weichhold, Pawel"]
[Black "Adamek, Przemyslaw"]
[Result "1-0"]
[WhiteElo "2022"]
[BlackElo "1963"]
[PlyCount "92"]
[EventDate "2008.07.05"]
[EventType "team-tourn"]
[EventRounds "9"]
[EventCountry "POL"]
[SourceTitle "EXT 2019"]
[Source "ChessBase"]
[SourceDate "2018.10.10"]
[SourceVersion "1"]
[SourceVersionDate "2018.10.10"]
[SourceQuality "1"]
[WhiteTeam "Koszalin Hetman Politechnika U19"]
[BlackTeam "Poznan Pocztowiec U19"]
[WhiteTeamCountry "POL"]
[BlackTeamCountry "POL"]

1. e4 e5 2. Nf3 Nc6 3. Bb5 a6 4. Bxc6 dxc6 5. 0-0 f6 6. d4 exd4 7. Nxd4 c5 8. Ne2 Qxd1 9. Rxd1 Bd7 10. Nbc3 0-0-0 11. Be3 b6 12. Rd2 Re8 13. Rad1 Bc6 14. f3 Ne7 15. Nf4 Ng6 16. Nxg6 hxg6 17. Bf4 Be7 18. Nd5 Bd8 19. Ne3 f5 20. exf5 Bf6 21. fxg6 Bxb2 22. Kf2 Rhf8 23. Bg5 Re6 24. Rd8+ Rxd8 25. Rxd8+ Kb7 26. h4 Rxg6 27. g4 Bd4 28. Rxd4 cxd4 29. Nf5 Bd7 30. Nxd4 Rd6 31. Ne2 b5 32. Ng3 b4 33. h5 Kc8 34. Bf4 Rc6 35. Be5 Kd8 36. Bxg7 Ke7 37. g5 Kf7 38. Bd4 Kg8 39. g6 Rxc2+ 40. Kg1 Rc6 41. f4 a5 42. f5 Rc4 43. Bb2 Rg4 44. h6 Rh4 45. Ne4 Bxf5 46. Nf6+ Kf8 1-0

[Event "POL-chT U19 39th"]
[Site "Gorzow Wielkopolski"]
[Date "2008.07.08"]
[Round "4.9"]
[White "Adamek, Przemyslaw"]
[Black "Pietruszewski, Marcin"]
[Result "1/2-1/2"]
[WhiteElo "1963"]
[BlackElo "1924"]
[PlyCount "62"]
[EventDate "2008.07.05"]
[EventType "team-tourn"]
[EventRounds "9"]
[EventCountry "POL"]
[SourceTitle "EXT 2019"]
[Source "ChessBase"]
[SourceDate "2018.10.10"]
[SourceVersion "1"]
[SourceVersionDate "2018.10.10"]
[SourceQuality "1"]
[WhiteTeam "Poznan Pocztowiec U19"]
[BlackTeam "Suwalki Hancza U19"]
[WhiteTeamCountry "POL"]
[BlackTeamCountry "POL"]

1. e4 c6 2. d4 d5 3. exd5 cxd5 4. c4 Nf6 5. Nc3 e6 6. Nf3 Be7 7. cxd5 Nxd5 8. Bd3 Nc6 9. 0-0 0-0 10. a3 Bf6 11. Bc2 Nxc3 12. bxc3 b6 13. Qd3 g6 14. Bf4 Bb7 15. Rac1 Rc8 16. Nd2 e5 17. Bh6 Bg7 18. Bxg7 Kxg7 19. d5 Na5 20. c4 Ba6 21. Bb1 f5 22. Qc3 Qf6 23. Rfe1 Rfe8 24. Qb4 Rc5 25. Bd3 Rec8 26. f3 Bb7 27. Qb2 Re8 28. Nb3 Nxb3 29. Qxb3 Qd6 30. Rb1 Re7 31. Kh1 Kh6 1/2-1/2

[Event "POL 14th Olympiade U14 Boys"]
[Site "Szczawno Zdroj"]
[Date "2008.04.30"]
[Round "5"]
[White "Adamek, Przemyslaw"]
[Black "Ziebinski, Bartosz"]
[Result "1/2-1/2"]
[WhiteElo "1932"]
[BlackElo "1923"]
[PlyCount "59"]
[EventDate "2008.04.27"]
[EventType "swiss"]
[EventRounds "10"]
[EventCountry "POL"]
[SourceTitle "EXT 2009"]
[Source "ChessBase"]
[SourceDate "2008.11.26"]
[SourceVersion "1"]
[SourceVersionDate "2008.11.26"]
[SourceQuality "1"]

1. e4 c5 2. Nf3 d6 3. d4 cxd4 4. Nxd4 Nf6 5. Nc3 a6 6. f3 e5 7. Nb3 Be6 8. Be3 Be7 9. Qd2 Nbd7 10. g4 h6 11. 0-0-0 b5 12. h4 Nb6 13. Qf2 Nfd7 14. Kb1 Qc7 15. Nd5 Bxd5 16. exd5 Nc4 17. Bxc4 bxc4 18. Nd2 c3 19. Ne4 cxb2 20. Rd3 Nf6 21. Nxf6+ Bxf6 22. f4 exf4 23. Bxf4 Kd7 24. Be3 Rae8 25. Bd4 Bxd4 26. Qxf7+ Re7 27. Qf5+ Kd8 28. Rxd4 Rhe8 29. Rb4 a5 30. Rd4 1/2-1/2

[Event "POL 14th Olympiade U14 Boys"]
[Site "Szczawno Zdroj"]
[Date "2008.04.28"]
[Round "2"]
[White "Krzyzanowski, Marcin"]
[Black "Adamek, Przemyslaw"]
[Result "1/2-1/2"]
[WhiteElo "2190"]
[BlackElo "1932"]
[PlyCount "58"]
[EventDate "2008.04.27"]
[EventType "swiss"]
[EventRounds "10"]
[EventCountry "POL"]
[SourceTitle "EXT 2009"]
[Source "ChessBase"]
[SourceDate "2008.11.26"]
[SourceVersion "1"]
[SourceVersionDate "2008.11.26"]
[SourceQuality "1"]

1. e4 e5 2. Nf3 Nc6 3. Bb5 a6 4. Ba4 Nf6 5. 0-0 Nxe4 6. d4 b5 7. Bb3 d5 8. dxe5 Be6 9. Nbd2 Nc5 10. c3 Be7 11. Bc2 d4 12. Nb3 d3 13. Nxc5 dxc2 14. Qxd8+ Rxd8 15. Nxe6 fxe6 16. Be3 Rd5 17. Rfc1 Nxe5 18. Nxe5 Rxe5 19. Rxc2 0-0 20. c4 Bc5 21. Re1 Bxe3 22. Rxe3 Rd8 23. Kf1 Rxe3 24. fxe3 b4 25. Ke2 Kf7 26. Kf3 Ke7 27. b3 c5 28. Ke4 Rd1 29. Rf2 a5 1/2-1/2

[Event "POL 14th Olympiade U14 Boys"]
[Site "Szczawno Zdroj"]
[Date "2008.04.27"]
[Round "1"]
[White "Adamek, Przemyslaw"]
[Black "Stankiewicz, Pawel"]
[Result "1-0"]
[WhiteElo "1932"]
[BlackElo "1771"]
[PlyCount "67"]
[EventDate "2008.04.27"]
[EventType "swiss"]
[EventRounds "10"]
[EventCountry "POL"]
[SourceTitle "EXT 2009"]
[Source "ChessBase"]
[SourceDate "2008.11.26"]
[SourceVersion "1"]
[SourceVersionDate "2008.11.26"]
[SourceQuality "1"]

1. e4 c5 2. Nf3 d6 3. d4 cxd4 4. Nxd4 Nf6 5. Nc3 e6 6. Be3 a6 7. f3 b5 8. Qd2 b4 9. Nce2 e5 10. Nb3 a5 11. 0-0-0 Be6 12. Kb1 Be7 13. g4 h6 14. Ng3 a4 15. Nc1 d5 16. Nh5 Nxh5 17. exd5 Nf4 18. Bxf4 exf4 19. dxe6 Qxd2 20. exf7+ Kxf7 21. Rxd2 Nc6 22. Bc4+ Kf6 23. Bd5 Rad8 24. Rhd1 Ne5 25. h4 Rhe8 26. h5 Bc5 27. Be4 Rxd2 28. Rxd2 Nxg4 29. Rd5 Be3 30. Rf5+ Ke6 31. fxg4 Rd8 32. Bd3 b3 33. axb3 axb3 34. Nxb3 1-0

[Event "Przelazy op"]
[Site "Przelazy"]
[Date "2008.03.19"]
[Round "9"]
[White "Cyborowski, Lukasz"]
[Black "Adamek, Przemyslaw"]
[Result "1-0"]
[WhiteElo "2541"]
[BlackElo "1932"]
[PlyCount "83"]
[EventDate "2008.03.14"]
[EventType "swiss"]
[EventRounds "9"]
[EventCountry "POL"]
[SourceTitle "EXT 2010"]
[Source "ChessBase"]
[SourceDate "2010.11.25"]
[SourceVersion "1"]
[SourceVersionDate "2010.11.25"]
[SourceQuality "1"]

1. c4 Nf6 2. Nc3 c6 3. e4 e5 4. Nf3 Qa5 5. g3 Bb4 6. Bg2 0-0 7. 0-0 Re8 8. Re1 Bf8 9. d4 d6 10. h3 Nbd7 11. Be3 b5 12. Nd2 Ba6 13. Nb3 Qc7 14. cxb5 cxb5 15. Rc1 Qb8 16. d5 b4 17. Nb1 Bb5 18. Na5 Qd8 19. Nc6 Bxc6 20. Rxc6 a5 21. Nd2 a4 22. Nc4 Qb8 23. Nb6 Nxb6 24. Rxb6 Qc7 25. Rxb4 Reb8 26. Rxa4 Rxa4 27. Qxa4 Rxb2 28. Rc1 Qb8 29. Qc4 Nd7 30. Qc7 Nc5 31. Qxb8 Rxb8 32. a3 Rb3 33. Ra1 Na4 34. Bf3 Rb2 35. Bd1 Nc3 36. Bg4 Nxe4 37. a4 g6 38. a5 f5 39. a6 Rb8 40. a7 Ra8 41. Be2 Nc3 42. Ba6 1-0

[Event "POL-ch sf"]
[Site "Chotowa"]
[Date "2007.11.11"]
[Round "9.21"]
[White "Adamek, Przemyslaw"]
[Black "Kowalczyk, Pawel"]
[Result "0-1"]
[WhiteElo "1935"]
[BlackElo "2028"]
[PlyCount "76"]
[EventDate "2007.11.03"]
[EventType "swiss"]
[EventRounds "9"]
[EventCountry "POL"]
[SourceTitle "EXT 2023"]
[Source "ChessBase"]
[SourceDate "2022.10.05"]
[SourceVersion "1"]
[SourceVersionDate "2022.10.05"]
[SourceQuality "1"]

1. e4 c5 2. Nf3 Nc6 3. Bb5 e6 4. 0-0 Nge7 5. c3 Qb6 6. Ba4 g6 7. d4 cxd4 8. cxd4 d5 9. exd5 exd5 10. Bg5 Be6 11. Bf6 Rg8 12. Nbd2 Bg7 13. Bxg7 Rxg7 14. Nb3 0-0-0 15. Nc5 Bg4 16. Rc1 Kb8 17. h3 Bc8 18. Qb3 Qxb3 19. Bxb3 f6 20. Rfe1 Rd6 21. Re2 g5 22. Rce1 Nf5 23. Rd1 h5 24. Red2 g4 25. hxg4 hxg4 26. Nh2 g3 27. Nf3 gxf2+ 28. Kxf2 Ng3 29. Ba4 b6 30. Bxc6 Rxc6 31. Nd3 Ne4+ 32. Kg1 Nxd2 33. Rxd2 Bf5 34. Nf4 Be4 35. Kf2 Rcc7 36. Ne2 Rc2 37. Nc3 Rxd2+ 38. Nxd2 f5 0-1

[Event "POL-ch sf"]
[Site "Chotowa"]
[Date "2007.11.09"]
[Round "7.20"]
[White "Adamek, Przemyslaw"]
[Black "Spicak, Krzysztof"]
[Result "1-0"]
[WhiteElo "1963"]
[BlackElo "2080"]
[PlyCount "35"]
[EventDate "2007.11.03"]
[EventType "swiss"]
[EventRounds "9"]
[EventCountry "POL"]
[SourceTitle "EXT 2023"]
[Source "ChessBase"]
[SourceDate "2022.10.05"]
[SourceVersion "1"]
[SourceVersionDate "2022.10.05"]
[SourceQuality "1"]

1. e4 e5 2. d4 exd4 3. Qxd4 Nc6 4. Qe3 Bb4+ 5. Nc3 Nf6 6. Bd2 0-0 7. 0-0-0 Re8 8. Qg3 Nxe4 9. Nxe4 Rxe4 10. c3 Bd6 11. f4 Qf6 12. Nf3 Re8 13. Bd3 b6 14. Ng5 g6 15. h4 Bf8 16. h5 d5 17. hxg6 hxg6 18. Nh7 1-0